Rural development in sub-Saharan Africa: (Record no. 3293)

MARC details
000 -LEADER
fixed length control field 00775nam a2200229 4500
003 - CONTROL NUMBER IDENTIFIER
control field LK-CoMWRAF
005 - DATE AND TIME OF LATEST TRANSACTION
control field 20231115110420.0
008 - FIXED-LENGTH DATA ELEMENTS--GENERAL INFORMATION
fixed length control field 230828b2005 |||||||| |||| 00| 0 eng d
020 ## - INTERNATIONAL STANDARD BOOK NUMBER
International Standard Book Number 9068321641
022 ## - INTERNATIONAL STANDARD SERIAL NUMBER
International Standard Serial Number 09227911
040 ## - CATALOGING SOURCE
Original cataloging agency LK-CoMWRAF
Modifying agency LK-CoMWRAF
Description conventions LK-CoMWRAF
041 ## - LANGUAGE CODE
Language code of text/sound track or separate title English
082 ## - DEWEY DECIMAL CLASSIFICATION NUMBER
Classification number 354.52
Item number RUS
942 ## - ADDED ENTRY ELEMENTS (KOHA)
Koha item type Books
700 ## - ADDED ENTRY--PERSONAL NAME
Personal name Ruben, Ruerd
Relator Term editor
700 ## - ADDED ENTRY--PERSONAL NAME
Personal name Piters, Bart de Steenhuijsen
Relator Term editor
245 ## - TITLE STATEMENT
Title Rural development in sub-Saharan Africa:
Remainder of title Policy perspectives for agriculture, sustainable resource management and poverty reduction
260 ## - PUBLICATION, DISTRIBUTION, ETC. (IMPRINT)
Place of publication, distribution, etc. Amsterdam:
Name of publisher, distributor, etc. Royal Tropical Institute,
Date of publication, distribution, etc. 2005
490 ## - SERIES STATEMENT
Series statement Bulletin
Volume/sequential designation 370
856 ## - ELECTRONIC LOCATION AND ACCESS
Uniform Resource Identifier <a href="https://www.kit.nl/wp-content/uploads/2018/08/907_Bull370-web.pdf">https://www.kit.nl/wp-content/uploads/2018/08/907_Bull370-web.pdf</a>
650 ## - SUBJECT ADDED ENTRY--TOPICAL TERM
Topical term or geographic name as entry element RURAL DEVELOPMENT-Africa
Holdings
Withdrawn status Lost status Damaged status Not for loan Permanent Location Current Location Date acquired Full call number Barcode Koha item type
        Resource center, Muslim Women's Research And Action Forum Resource center, Muslim Women's Research And Action Forum 2023-11-15 354.52 RUS RAF269 Books

Copyright © 2023 Muslim Women's Research and Action Forum (MWRAF), No 27/3, Anderson Road, Kalubowila, Dehiwela. Funded by The Asia Fundation